Špecifiká riadenia, motivácie a hodnotenia ľudských zdrojov v subjektoch kultúrneho a kreatívneho priemyslu diplomová práca

Salvato in:
Dettagli Bibliografici
Autore principale: Repková, Eva
Ente Autore: Fakulta podnikového manažmentu EU. Katedra podnikovohospodárska
Altri autori: Majdúchová, Helena, 1963-
Natura: Libro
Lingua:slovacco
Pubblicazione: Bratislava 2020
Tags: Aggiungi Tag
Nessun Tag, puoi essere il primo ad aggiungerne!!

MARC

LEADER 00000nbm a2200000 4500
001 0268045
005 20201126151019.0
041 0 |a slo 
044 |a SK 
245 1 0 |a Špecifiká riadenia, motivácie a hodnotenia ľudských zdrojov v subjektoch kultúrneho a kreatívneho priemyslu  |b diplomová práca  |c Eva Repková ; školiteľ: Helena Majdúchová 
264 1 |a Bratislava  |c 2020 
300 |a 96 s. 
100 1 |a Repková, Eva 
700 1 |a Majdúchová, Helena, 1963- 
710 2 |a Fakulta podnikového manažmentu EU. Katedra podnikovohospodárska